The Bill characters Quiz Stats

 Plays Quiz not verified by Sporcle

Challenge
Share
Tweet
Embed
Score 0/30 Timer 10:00
0 Plays Today
Rank Character's name % Correct
InspectorDale Smith
86.6%
PCTony Stamp
85.7%
SuperintendantJack Meadows
79.8%
SergeantJune Ackland
78%
PCReg Hollis
76.4%
InspectorGina Gold
74%
DCJim Carver
69.2%
DINeil Manson
60%
DCMickey Webb
58.8%
SergeantBob Cryer
57%
DISam Nixon
56.8%
Chief SuperintendantCharles Brownlow
54.4%
SuperintendantAdam Okaro
53.1%
DSPhil Hunter
50.7%
WPCPolly Page
48.6%
Rank Character's name % Correct
Chief InspectorDerek Conway
47.5%
DIFrank Burnside
46.2%
InspectorAndrew Monroe
45.6%
SergeantMatt Boyden
41.1%
PCDave Quinnan
40.2%
DCTerry Perkins
38%
DCJo Masters
34.9%
PCRoger Valentine
34.1%
DCTosh Lines
32.8%
PCGeorge Garfield
31.1%
WPCHoney Harman
29.9%
DSTed Roach
29.6%
WPCViv Martella
26.9%
DCWill Fletcher
21.5%
DSDebbie McAllister
20%

You're not logged in!

Compare scores with friends on all Sporcle quizzes.
OR
Log In

You Might Also Like...

Show Comments

Extras

Top Quizzes Today


Score Distribution

Your Account Isn't Verified!

In order to create a playlist on Sporcle, you need to verify the email address you used during registration. Go to your Sporcle Settings to finish the process.

Report this User

Report this user for behavior that violates our Community Guidelines.

Details: